| 000 | 00665nam a22002297a 4500 | ||
|---|---|---|---|
| 001 | 22950 | ||
| 003 | BD-RjUL | ||
| 005 | 20221030115728.0 | ||
| 008 | 140309b19911975II ||||| |||| 001 0 eng d | ||
| 035 | _a(BD-RjUL)22950 | ||
| 040 |
_aBD-RjUL _beng _cBD-RjUL |
||
| 041 | _aeng | ||
| 082 |
_a954 _bSAA 1991 |
||
| 100 |
_aSastri, K. A. Nilakanta _95556 |
||
| 245 |
_aAdvanced history of india / _cK. A. Nilakanta Sastri, G. Srinivasachari |
||
| 250 | _a2nd ed. | ||
| 260 |
_aNew delhi : _bAllied publishers ltd., _cc1975 [reprinting 1989,1991] |
||
| 300 |
_a874 p. ; _c24 cm. |
||
| 504 | _aincludes index | ||
| 700 |
_aSrinivasachari, G. _95548 |
||
| 942 |
_2ddc _cBK |
||
| 999 |
_c22950 _d22950 |
||